banner-ar

التنظيم الببليوجرافى للاوعية غير التقليدية فى المكتبات ومراكز المعلومات / (Record no. 33283)

MARC details
000 -الفاتح
حقل البيانات ثابتة الطول 00766nam a2200181Ia 4500
008 - عناصر البيانات ثابتة الطول - معلومات عامة
حقل البيانات ثابتة الطول 140319s9999 xx 000 0 ara d
040 ## - مصدر الفهرسة
وكالة الفهرسة الأصلية GCL /
وكالة النسخ GCL
082 04 - رقم تصنيف ديوى العشرى
رقم التصنيف 025.34
رقم المادة ا ت
100 1# - المدخل الرئيسى - إسم شخصى
الإسم الشخصى ابراهيم عبدالموجود حسن
245 10 - بيان العنوان
العنوان التنظيم الببليوجرافى للاوعية غير التقليدية فى المكتبات ومراكز المعلومات /
بيان المسئوليه,etc ابراهيم عبدالموجود حسن
260 ## - PUBLICATION, DISTRIBUTION, ETC. (IMPRINT)
تاريخ النشر أو التوزيع 1995
300 ## - الوصف المادى
التعداد 148 ص ؛
أبعاد الوعاء 24 سم
490 ## - بيان السلسلة
عنوان السلسلة دراسات فى الكتب والمعلومات
رقم المجلد/ التعيين التسلسلي 0
650 04 - المدخل الاضافى بالموضوع-مصطلح موضوعى
مصطلح موضوعي الفهرسة الوصفية
650 04 - المدخل الاضافى بالموضوع-مصطلح موضوعى
مصطلح موضوعي المواد غير المطبوعة - فهرسة
942 ## - عناصر المدخل الإضافي( كوها)
مصدر التصنيف او مخطط الترفيف Dewey Decimal Classification
Koha [default] item type كتاب
260 ## - PUBLICATION, DISTRIBUTION, ETC. (IMPRINT)
-- القاهرة :
-- العربى للنشر والتوزيع ،
Holdings
حالة التراجع حالة الفقد حالة تلف ليس للاعارة المكان المؤقت الموقع الحالى تاريخ الاكتساب اجمالي اﻻعارات رقم الطلب الباركود تاريخ اخر مشاهدة تاريخ تفعيل السعر نوع وعاء كوها
        مكتبة القاهرة الكبرى مكتبة القاهرة الكبرى 03/26/2014   025.34\ا ت 79136 03/26/2014 03/26/2014 كتاب
        مكتبة القاهرة الكبرى مكتبة القاهرة الكبرى 03/26/2014   025.34\ا ت 79137 03/26/2014 03/26/2014 كتاب
        مكتبة القاهرة الكبرى مكتبة القاهرة الكبرى 03/26/2014   025.34\ا ت 79138 03/26/2014 03/26/2014 كتاب
        مكتبة القاهرة الكبرى مكتبة القاهرة الكبرى 03/26/2014   025.34\ا ت 79139 03/26/2014 03/26/2014 كتاب
        مكتبة القاهرة الكبرى مكتبة القاهرة الكبرى 03/26/2014   025.34\ا ت 79140 03/26/2014 03/26/2014 كتاب

Powered By

EGPV